Carregant...

Madhya yugin krishna bhakthi parampara aur lok sanskrithi. /

Dades bibliogràfiques
Autor principal: Dayal, Rameshwar
Format: Printed Book
Idioma:Hindi
Publicat: Delhi: 1975.
Matèries:
LEADER 00476nam a2200145Ia 4500
008 150624b ii ||||| |||| 00| p hin d
082 |a 861.2209 
100 |a Dayal, Rameshwar 
245 |a Madhya yugin krishna bhakthi parampara aur lok sanskrithi. / 
260 |a Delhi:  |c 1975. 
300 |a 277p. 
650 |v Poetry 
942 |c BK 
999 |c 33040  |d 33040 
952 |0 0  |1 0  |4 0  |6 861_220900000000000_RAM_M_H  |7 0  |9 33039  |a UL  |b UL  |c ST2  |d 1998-09-15  |g 40.00  |l 0  |o 861.2209 RAM/M H  |p 45220  |r 2012-10-27  |y BK